Financovanie škôl a školských zariadení

Vzdelávanie je predmetom celospoločenského záujmu. Preto už v zmysle Ústavy Slovenskej republiky má každý občan právo na vzdelanie. Školská dochádzka je povinná. Občania majú právo na bezplatné vzdelanie v základných a stredných školách a v prípade ich schopnosti a možnosti spoločnosti aj na vysokýc...

Descrizione completa

Salvato in:
Dettagli Bibliografici
Autore principale: Tichý, Miroslav
Natura: Capitolo di libro
Lingua:slovacco
Soggetti:
Tags: Aggiungi Tag
Nessun Tag, puoi essere il primo ad aggiungerne!!

MARC

LEADER 00000naa a2200000 4500
001 0299305
005 20241024133814.8
041 0 |a slo 
044 |a SK 
245 1 0 |a Financovanie škôl a školských zariadení  |c Miroslav Tichý 
520 |a Vzdelávanie je predmetom celospoločenského záujmu. Preto už v zmysle Ústavy Slovenskej republiky má každý občan právo na vzdelanie. Školská dochádzka je povinná. Občania majú právo na bezplatné vzdelanie v základných a stredných školách a v prípade ich schopnosti a možnosti spoločnosti aj na vysokých školách. Zdroje financovania verejných škôl a verejných školských zariadení, cirkevných škôl, súkromných škôl. 
610 2 0 |a financovanie 
610 2 0 |a školstvo 
610 2 0 |a školy súkromné 
610 2 0 |a školy cirkevné 
610 2 0 |a školy verejné 
610 2 0 |a zariadenia školské 
610 2 0 |a vzdelávanie 
610 2 0 |a zdroje finančné 
610 2 0 |a rozpočet štátny 
610 2 0 |a dochádzka školská povinná 
610 2 0 |a legislatíva 
610 2 0 |a zákony 
100 1 |a Tichý, Miroslav